[Event "V4Liptov2018"]
[Site "?"]
[Date "2018.06.23"]
[Round "1.1"]
[White "Kulesza, Andrzej"]
[Black "Kuchar, Matej"]
[Result "1-0"]
[BlackElo "2174"]
[WhiteElo "1934"]
[LiveChessVersion "1.4.8"]

1. e4 {[%clk 1:00:51]} c6 {[%clk 1:00:56]} 2. d4 {[%clk 1:01:00]} d5
{[%clk 1:01:22]} 3. Nd2 {[%clk 1:01:05]} dxe4 {[%clk 1:01:45]} 4. Nxe4
{[%clk 1:01:26]} Bf5 {[%clk 1:02:09]} 5. Ng3 {[%clk 1:01:22]} Bg6
{[%clk 1:02:34]} 6. h4 {[%clk 1:01:17]} h6 {[%clk 1:02:59]} 7. Nf3
{[%clk 1:01:06]} Nd7 {[%clk 1:03:25]} 8. h5 {[%clk 1:00:54]} Bh7 {[%clk 1:03:49]}
9. Bd3 {[%clk 1:00:57]} Bxd3 {[%clk 1:04:14]} 10. Qxd3 {[%clk 1:00:59]} e6
{[%clk 1:04:39]} 11. Bf4 {[%clk 1:00:43]} Qa5+ {[%clk 1:04:08]} 12. Bd2
{[%clk 1:00:05]} Qb6 {[%clk 1:04:32]} 13. O-O-O {[%clk 0:58:53]} Ngf6
{[%clk 1:04:52]} 14. Ne4 {[%clk 0:57:52]} Be7 {[%clk 1:05:14]} 15. Nxf6+
{[%clk 0:55:20]} Bxf6 {[%clk 1:04:58]} 16. Be3 {[%clk 0:55:04]} Rd8
{[%clk 0:42:43]} 17. Qa3 {[%clk 0:51:12]} Be7 {[%clk 0:23:26]} 18. Qc3
{[%clk 0:49:20]} Qb4 {[%clk 0:21:57]} 19. Qxb4 {[%clk 0:47:37]} Bxb4
{[%clk 0:22:15]} 20. c3 {[%clk 0:47:21]} Bd6 {[%clk 0:21:48]} 21. Nd2
{[%clk 0:46:53]} b5 {[%clk 0:18:45]} 22. f4 {[%clk 0:44:32]} Nf6 {[%clk 0:18:20]}
23. g3 {[%clk 0:43:20]} Nd5 {[%clk 0:17:43]} 24. Bf2 {[%clk 0:43:07]} a5
{[%clk 0:13:42]} 25. Rde1 {[%clk 0:41:22]} Kd7 {[%clk 0:12:29]} 26. Nf3
{[%clk 0:39:42]} f6 {[%clk 0:11:24]} 27. Nh4 {[%clk 0:39:14]} Rhe8
{[%clk 0:12:06]} 28. Ng6 {[%clk 0:39:07]} Nb6 {[%clk 0:11:05]} 29. Re2
{[%clk 0:37:42]} b4 {[%clk 0:10:16]} 30. cxb4 {[%clk 0:32:39]} axb4
{[%clk 0:08:56]} 31. b3 {[%clk 0:32:44]} Nd5 {[%clk 0:09:14]} 32. Be1
{[%clk 0:33:06]} Rc8 {[%clk 0:08:05]} 33. Kb2 {[%clk 0:32:10]} c5
{[%clk 0:06:15]} 34. dxc5 {[%clk 0:31:59]} Rxc5 {[%clk 0:05:02]} 35. Bf2
{[%clk 0:29:18]} Ra5 {[%clk 0:04:38]} 36. Bd4 {[%clk 0:28:09]} Rea8
{[%clk 0:02:44]} 37. Ra1 {[%clk 0:27:58]} Rc8 {[%clk 0:01:57]} 38. Rh1
{[%clk 0:22:06]} Nc3 {[%clk 0:01:34]} 39. Bxc3 {[%clk 0:22:02]} bxc3+
{[%clk 0:01:40]} 40. Kb1 {[%clk 0:22:23]} Ba3 {[%clk 0:01:31]} 41. Kc2
{[%clk 0:21:51]} Bd6 {[%clk 0:00:51]} 42. a4 {[%clk 0:20:38]} Rd5
{[%clk 0:00:52]} 43. Rd1 {[%clk 0:20:06]} Bb4 {[%clk 0:00:35]} 44. Rd3
{[%clk 0:18:04]} Rxd3 {[%clk 0:00:36]} 45. Kxd3 {[%clk 0:18:28]} Rc6
{[%clk 0:01:02]} 46. Kc2 {[%clk 0:16:57]} Kd6 {[%clk 0:00:58]} 47. Re4
{[%clk 0:16:41]} Ba3 {[%clk 0:00:38]} 48. Rd4+ {[%clk 0:16:37]} Kc7
{[%clk 0:01:00]} 49. b4 {[%clk 0:16:17]} Kb6 {[%clk 0:00:40]} 50. Nf8
{[%clk 0:14:20]} e5 {[%clk 0:00:39]} 51. fxe5 {[%clk 0:14:40]} fxe5
{[%clk 0:01:07]} 52. Nd7+ {[%clk 0:14:58]} Kc7 {[%clk 0:00:47]} 53. Nxe5
{[%clk 0:15:23]} Re6 {[%clk 0:01:03]} 54. Nd3 {[%clk 0:15:34]} Bb2
{[%clk 0:00:32]} 55. Nxb2 {[%clk 0:15:38]} cxb2 {[%clk 0:01:00]} 56. Kxb2
{[%clk 0:16:00]} g5 {[%clk 0:01:08]} 57. hxg6 {[%clk 0:16:15]} Rxg6
{[%clk 0:01:36]} 58. g4 {[%clk 0:16:26]} Rf6 {[%clk 0:01:56]} 59. Kc3
{[%clk 0:16:42]} 1-0

[Event "V4Liptov2018"]
[Site "?"]
[Date "2018.06.23"]
[Round "1.2"]
[White "Vantuch, Lucian"]
[Black "Paprocki, Stanislaw"]
[Result "1/2-1/2"]
[BlackElo "1864"]
[WhiteElo "1956"]
[LiveChessVersion "1.4.8"]

1. e4 {[%clk 1:00:57]} c5 {[%clk 1:00:49]} 2. Nf3 {[%clk 1:01:23]} d6
{[%clk 1:01:04]} 3. d4 {[%clk 1:01:47]} cxd4 {[%clk 1:01:16]} 4. Nxd4
{[%clk 1:02:00]} Nf6 {[%clk 1:01:23]} 5. Nc3 {[%clk 1:02:23]} a6 {[%clk 1:01:48]}
6. Bg5 {[%clk 1:00:35]} Nbd7 {[%clk 1:01:46]} 7. Qd2 {[%clk 0:59:37]} h6
{[%clk 1:00:08]} 8. Bh4 {[%clk 0:59:02]} g6 {[%clk 1:00:08]} 9. O-O-O
{[%clk 0:53:48]} Bg7 {[%clk 1:00:26]} 10. f4 {[%clk 0:52:48]} O-O
{[%clk 1:00:17]} 11. Bc4 {[%clk 0:49:22]} Qc7 {[%clk 0:59:06]} 12. Bb3
{[%clk 0:48:19]} Nc5 {[%clk 0:58:45]} 13. Rde1 {[%clk 0:46:44]} Nxb3+
{[%clk 0:55:59]} 14. axb3 {[%clk 0:45:30]} Qa5 {[%clk 0:46:55]} 15. e5
{[%clk 0:40:34]} Nd5 {[%clk 0:44:54]} 16. Kb1 {[%clk 0:34:42]} dxe5
{[%clk 0:40:20]} 17. fxe5 {[%clk 0:34:09]} Nxc3+ {[%clk 0:38:32]} 18. bxc3
{[%clk 0:26:34]} g5 {[%clk 0:37:54]} 19. Bg3 {[%clk 0:26:18]} Rd8
{[%clk 0:32:47]} 20. h4 {[%clk 0:25:25]} g4 {[%clk 0:32:35]} 21. Bf4
{[%clk 0:24:38]} Bf5 {[%clk 0:09:39]} 22. Bxh6 {[%clk 0:20:39]} Rxd4
{[%clk 0:03:20]} 23. Qg5 {[%clk 0:18:39]} Bg6 {[%clk 0:03:15]} 24. cxd4
{[%clk 0:17:55]} Qc3 {[%clk 0:02:15]} 25. Re3 {[%clk 0:12:59]} Bxc2+
{[%clk 0:00:33]} 26. Kc1 {[%clk 0:13:23]} Bd3+ {[%clk 0:00:55]} 27. Kd1
{[%clk 0:13:39]} Qc2+ {[%clk 0:01:20]} 28. Ke1 {[%clk 0:14:02]} Bg6
{[%clk 0:00:31]} 1/2-1/2

[Event "V4Liptov2018"]
[Site "?"]
[Date "2018.06.23"]
[Round "1.3"]
[White "Paprocki, Antoni"]
[Black "Frank, Adam"]
[Result "1-0"]
[BlackElo "1993"]
[WhiteElo "1804"]
[LiveChessVersion "1.4.8"]

1. e4 {[%clk 1:00:57]} e5 {[%clk 1:00:56]} 2. Nf3 {[%clk 1:01:19]} Nc6
{[%clk 1:01:23]} 3. Bc4 {[%clk 1:01:35]} Nf6 {[%clk 1:01:48]} 4. d3
{[%clk 1:01:42]} Be7 {[%clk 1:02:09]} 5. O-O {[%clk 1:01:09]} O-O
{[%clk 1:02:25]} 6. Re1 {[%clk 1:00:46]} d6 {[%clk 1:02:47]} 7. c3
{[%clk 1:00:13]} Na5 {[%clk 1:02:04]} 8. Bb3 {[%clk 0:59:42]} c5 {[%clk 1:02:18]}
9. Bc2 {[%clk 0:54:54]} Nc6 {[%clk 1:01:09]} 10. Nbd2 {[%clk 0:54:14]} Qc7
{[%clk 0:57:49]} 11. Nf1 {[%clk 0:53:06]} d5 {[%clk 0:56:35]} 12. Bg5
{[%clk 0:49:37]} d4 {[%clk 0:55:33]} 13. a4 {[%clk 0:42:18]} Be6 {[%clk 0:53:32]}
14. Ng3 {[%clk 0:39:58]} Rad8 {[%clk 0:50:30]} 15. Qe2 {[%clk 0:32:05]} h6
{[%clk 0:46:47]} 16. Bxf6 {[%clk 0:30:27]} Bxf6 {[%clk 0:47:09]} 17. Nf5
{[%clk 0:26:20]} Bxf5 {[%clk 0:46:13]} 18. exf5 {[%clk 0:26:48]} Qa5
{[%clk 0:41:05]} 19. c4 {[%clk 0:24:07]} Rfe8 {[%clk 0:40:06]} 20. Qe4
{[%clk 0:24:01]} Qb6 {[%clk 0:38:25]} 21. Rab1 {[%clk 0:16:38]} Nb4
{[%clk 0:35:52]} 22. a5 {[%clk 0:09:25]} Qxa5 {[%clk 0:34:41]} 23. Ra1
{[%clk 0:09:40]} Qb6 {[%clk 0:34:41]} 24. Ba4 {[%clk 0:09:46]} Re7
{[%clk 0:34:52]} 25. g4 {[%clk 0:09:02]} Bg5 {[%clk 0:24:15]} 26. h4
{[%clk 0:07:32]} Bf4 {[%clk 0:24:38]} 27. g5 {[%clk 0:06:29]} f6 {[%clk 0:24:23]}
28. g6 {[%clk 0:04:51]} a6 {[%clk 0:23:07]} 29. Re2 {[%clk 0:04:22]} Qa5
{[%clk 0:22:42]} 30. Ra3 {[%clk 0:03:51]} Qc7 {[%clk 0:22:12]} 31. Ra1
{[%clk 0:03:30]} Rb8 {[%clk 0:21:29]} 32. Rae1 {[%clk 0:03:06]} b5
{[%clk 0:19:45]} 33. Bb3 {[%clk 0:03:26]} Kf8 {[%clk 0:18:50]} 34. Kg2
{[%clk 0:03:11]} Qb7 {[%clk 0:16:48]} 35. Rd1 {[%clk 0:01:38]} Qxe4
{[%clk 0:16:15]} 36. Rxe4 {[%clk 0:02:05]} Rc7 {[%clk 0:12:51]} 37. Ng1
{[%clk 0:01:12]} bxc4 {[%clk 0:09:42]} 38. Bxc4 {[%clk 0:01:39]} h5
{[%clk 0:08:54]} 39. Ne2 {[%clk 0:01:39]} Bh6 {[%clk 0:08:21]} 40. Ng3
{[%clk 0:02:04]} Nc2 {[%clk 0:08:13]} 41. b3 {[%clk 0:01:25]} Na3
{[%clk 0:08:13]} 42. Ra1 {[%clk 0:00:39]} Nxc4 {[%clk 0:08:33]} 43. bxc4
{[%clk 0:01:01]} Rc6 {[%clk 0:06:53]} 44. Nxh5 {[%clk 0:01:10]} Rb2
{[%clk 0:06:56]} 45. Kg3 {[%clk 0:00:40]} Rb3 {[%clk 0:06:35]} 46. Rd1
{[%clk 0:00:39]} a5 {[%clk 0:06:08]} 47. f4 {[%clk 0:00:55]} exf4+
{[%clk 0:05:26]} 48. Nxf4 {[%clk 0:01:15]} Bxf4+ {[%clk 0:05:41]} 49. Kxf4
{[%clk 0:01:38]} Rc8 {[%clk 0:05:42]} 50. Re6 {[%clk 0:01:40]} a4
{[%clk 0:05:14]} 51. Ra6 {[%clk 0:01:16]} a3 {[%clk 0:05:40]} 52. Ra7
{[%clk 0:01:21]} Re8 {[%clk 0:04:26]} 53. Ra1 {[%clk 0:00:37]} Rxd3
{[%clk 0:04:44]} 54. R1xa3 {[%clk 0:00:43]} Rde3 {[%clk 0:04:29]} 55. Rxe3
{[%clk 0:01:01]} dxe3 {[%clk 0:04:49]} 56. Ra1 {[%clk 0:01:18]} e2
{[%clk 0:03:20]} 57. Re1 {[%clk 0:01:43]} Re5 {[%clk 0:03:04]} 58. h5
{[%clk 0:00:37]} Ke7 {[%clk 0:02:51]} 59. Kg4 {[%clk 0:00:37]} Kd7
{[%clk 0:02:13]} 60. h6 {[%clk 0:00:36]} gxh6 {[%clk 0:01:36]} 61. g7
{[%clk 0:00:52]} Re8 {[%clk 0:02:02]} 62. Kh5 {[%clk 0:01:11]} Rg8
{[%clk 0:00:39]} 63. Kg6 {[%clk 0:01:35]} Re8 {[%clk 0:00:46]} 64. Kh7
{[%clk 0:01:48]} Re7 {[%clk 0:00:59]} 65. Kh8 {[%clk 0:02:12]} 1-0

[Event "V4Liptov2018"]
[Site "?"]
[Date "2018.06.23"]
[Round "1.4"]
[White "Laurincova, Kristyna"]
[Black "Pudelko, Magdalena"]
[Result "1-0"]
[BlackElo "1251"]
[WhiteElo "1953"]
[LiveChessVersion "1.4.8"]

1. e4 {[%clk 1:00:58]} c5 {[%clk 1:00:57]} 2. Nf3 {[%clk 1:01:21]} d6
{[%clk 1:01:12]} 3. d4 {[%clk 1:01:46]} cxd4 {[%clk 1:01:29]} 4. Nxd4
{[%clk 1:02:11]} Nf6 {[%clk 1:01:44]} 5. Nc3 {[%clk 1:02:33]} a6 {[%clk 1:02:09]}
6. Bc4 {[%clk 1:02:53]} e6 {[%clk 1:02:33]} 7. O-O {[%clk 1:02:04]} Be7
{[%clk 1:02:25]} 8. Bb3 {[%clk 1:02:03]} Nbd7 {[%clk 1:02:35]} 9. Bxe6
{[%clk 1:01:46]} Nc5 {[%clk 1:01:45]} 10. Bxc8 {[%clk 1:00:32]} Rxc8
{[%clk 1:02:08]} 11. Nf5 {[%clk 0:54:21]} O-O {[%clk 1:01:35]} 12. Bg5
{[%clk 0:54:13]} Rc6 {[%clk 1:00:04]} 13. Qf3 {[%clk 0:44:32]} Ne6
{[%clk 0:59:33]} 14. Nxe7+ {[%clk 0:44:20]} Qxe7 {[%clk 0:59:42]} 15. Nd5
{[%clk 0:44:01]} Qd8 {[%clk 0:58:11]} 16. Nxf6+ {[%clk 0:40:13]} gxf6
{[%clk 0:58:30]} 17. Bxf6 {[%clk 0:40:35]} Ng5 {[%clk 0:57:48]} 18. Qf5
{[%clk 0:40:15]} h6 {[%clk 0:57:32]} 19. Bxd8 {[%clk 0:40:36]} Rxd8
{[%clk 0:57:43]} 20. f4 {[%clk 0:40:23]} Ne6 {[%clk 0:57:55]} 21. Qf6
{[%clk 0:39:44]} Rdc8 {[%clk 0:58:03]} 22. c3 {[%clk 0:37:55]} Nc5
{[%clk 0:54:09]} 23. Qxh6 {[%clk 0:35:42]} Nxe4 {[%clk 0:53:34]} 24. f5
{[%clk 0:35:55]} f6 {[%clk 0:52:58]} 25. Rf4 {[%clk 0:36:02]} d5 {[%clk 0:53:11]}
26. Rg4+ {[%clk 0:36:18]} Ng5 {[%clk 0:53:33]} 27. h4 {[%clk 0:36:29]} Kf7
{[%clk 0:53:41]} 28. hxg5 {[%clk 0:36:44]} Ke7 {[%clk 0:52:35]} 29. Re1+
{[%clk 0:36:52]} Kd6 {[%clk 0:52:51]} 30. Qxf6+ {[%clk 0:37:16]} Kc7
{[%clk 0:52:29]} 31. Re7+ {[%clk 0:37:27]} Kb6 {[%clk 0:51:01]} 32. Rb4+
{[%clk 0:36:50]} Kc5 {[%clk 0:49:38]} 33. Qd4+ {[%clk 0:36:54]} Kd6
{[%clk 0:50:03]} 34. Re6+ {[%clk 0:37:21]} Kc7 {[%clk 0:49:02]} 35. Qg7+
{[%clk 0:37:50]} Kd8 {[%clk 0:49:23]} 36. Qe7# 1-0

[Event "V4Liptov2018"]
[Site "?"]
[Date "2018.06.23"]
[Round "1.5"]
[White "Sosovicka, Jakub"]
[Black "Demko, Robert"]
[Result "0-1"]
[BlackElo "1806"]
[WhiteElo "2078"]
[LiveChessVersion "1.4.8"]

1. e4 {[%clk 1:00:57]} c5 {[%clk 1:00:51]} 2. Nf3 {[%clk 1:01:16]} d6
{[%clk 1:01:12]} 3. d4 {[%clk 1:01:41]} cxd4 {[%clk 1:01:37]} 4. Nxd4
{[%clk 1:02:06]} Nf6 {[%clk 1:01:59]} 5. Nc3 {[%clk 1:02:32]} a6 {[%clk 1:02:22]}
6. Nb3 {[%clk 1:01:52]} e6 {[%clk 0:56:52]} 7. g4 {[%clk 1:01:26]} h6
{[%clk 0:55:55]} 8. Bg2 {[%clk 0:58:04]} Be7 {[%clk 0:53:31]} 9. Be3
{[%clk 0:56:07]} Nbd7 {[%clk 0:52:18]} 10. f4 {[%clk 0:52:27]} e5
{[%clk 0:49:59]} 11. f5 {[%clk 0:50:15]} b5 {[%clk 0:48:15]} 12. Qe2
{[%clk 0:45:44]} Bb7 {[%clk 0:45:48]} 13. O-O-O {[%clk 0:44:35]} Qc7
{[%clk 0:39:36]} 14. h4 {[%clk 0:36:35]} b4 {[%clk 0:35:02]} 15. Nd5
{[%clk 0:33:41]} Nxd5 {[%clk 0:35:20]} 16. exd5 {[%clk 0:34:03]} a5
{[%clk 0:31:41]} 17. Qb5 {[%clk 0:09:53]} Bd8 {[%clk 0:24:34]} 18. g5
{[%clk 0:06:13]} Ba6 {[%clk 0:17:31]} 19. Qc6 {[%clk 0:05:45]} Bb7
{[%clk 0:17:32]} 20. Qb5 {[%clk 0:04:24]} Ba6 {[%clk 0:17:47]} 21. Qc6
{[%clk 0:04:53]} Bb7 {[%clk 0:18:10]} 22. Qxc7 {[%clk 0:05:21]} Bxc7
{[%clk 0:18:39]} 23. Nd2 {[%clk 0:00:51]} Bb6 {[%clk 0:18:00]} 24. Nc4
{[%clk 0:00:39]} Bxe3+ {[%clk 0:17:55]} 25. Nxe3 {[%clk 0:01:07]} Nb6
{[%clk 0:18:01]} 26. f6 {[%clk 0:00:49]} gxf6 {[%clk 0:15:33]} 27. Nf5
{[%clk 0:01:00]} O-O-O {[%clk 0:12:17]} 28. gxf6 {[%clk 0:01:01]} Kc7
{[%clk 0:10:39]} 29. Ne7 {[%clk 0:00:42]} h5 {[%clk 0:09:13]} 30. Rhg1
{[%clk 0:00:38]} Rh6 {[%clk 0:08:35]} 31. Rdf1 {[%clk 0:00:59]} Nd7
{[%clk 0:07:57]} 32. Bh3 {[%clk 0:00:35]} Rxf6 {[%clk 0:04:31]} 33. Rxf6
{[%clk 0:00:37]} Nxf6 {[%clk 0:04:56]} 34. Rg7 {[%clk 0:00:54]} Nxd5
{[%clk 0:02:06]} 35. Rxf7 {[%clk 0:00:48]} Nxe7 {[%clk 0:02:21]} 36. Rxe7+
{[%clk 0:01:17]} Kb6 {[%clk 0:02:42]} 37. Rh7 {[%clk 0:01:03]} Bf3
{[%clk 0:02:40]} 38. Be6 {[%clk 0:01:08]} d5 {[%clk 0:01:56]} 39. Bf7
{[%clk 0:01:15]} Rc8 {[%clk 0:01:13]} 40. Rh6+ {[%clk 0:01:30]} Rc6
{[%clk 0:01:26]} 41. Rxc6+ {[%clk 0:00:48]} Kxc6 {[%clk 0:01:55]} 42. Kd2
{[%clk 0:01:10]} d4 {[%clk 0:01:06]} 43. c3 {[%clk 0:00:51]} Kc5 {[%clk 0:00:48]}
44. cxd4+ {[%clk 0:00:38]} Kxd4 {[%clk 0:01:12]} 45. a3 {[%clk 0:00:42]} bxa3
{[%clk 0:01:13]} 46. bxa3 {[%clk 0:01:10]} e4 {[%clk 0:01:35]} 47. Bg6
{[%clk 0:00:37]} e3+ {[%clk 0:01:47]} 48. Ke1 {[%clk 0:01:05]} Ke5
{[%clk 0:02:05]} 49. Bd3 {[%clk 0:00:46]} Kf4 {[%clk 0:01:17]} 50. Bf1
{[%clk 0:00:35]} Kg3 {[%clk 0:01:28]} 51. Bc4 {[%clk 0:00:36]} Kxh4
{[%clk 0:01:39]} 0-1

[Event "V4Liptov2018"]
[Site "?"]
[Date "2018.06.23"]
[Round "1.6"]
[White "Ochmyt, Jakub"]
[Black "Krupa, Miroslav"]
[Result "1/2-1/2"]
[BlackElo "2037"]
[WhiteElo "1787"]
[LiveChessVersion "1.4.8"]

1. d4 {[%clk 1:00:55]} d5 {[%clk 1:00:55]} 2. c4 {[%clk 1:01:03]} e6
{[%clk 1:01:18]} 3. Nc3 {[%clk 1:01:02]} Nf6 {[%clk 1:01:43]} 4. Bg5
{[%clk 1:01:15]} Be7 {[%clk 1:02:08]} 5. e3 {[%clk 1:00:59]} h6 {[%clk 1:02:29]}
6. Bh4 {[%clk 1:00:49]} O-O {[%clk 1:02:48]} 7. Nf3 {[%clk 1:00:47]} b6
{[%clk 1:03:12]} 8. cxd5 {[%clk 1:00:09]} exd5 {[%clk 1:02:31]} 9. Be2
{[%clk 0:59:07]} Bb7 {[%clk 0:53:43]} 10. O-O {[%clk 0:55:26]} Nbd7
{[%clk 0:53:39]} 11. Rc1 {[%clk 0:52:18]} Ne4 {[%clk 0:45:33]} 12. Bxe7
{[%clk 0:47:27]} Qxe7 {[%clk 0:45:54]} 13. Qb3 {[%clk 0:43:36]} c6
{[%clk 0:35:03]} 14. Rfd1 {[%clk 0:38:09]} f5 {[%clk 0:22:21]} 15. Bd3
{[%clk 0:32:15]} Kh8 {[%clk 0:21:59]} 16. Nd2 {[%clk 0:31:03]} Ndf6
{[%clk 0:21:33]} 17. Ndxe4 {[%clk 0:30:49]} fxe4 {[%clk 0:20:41]} 18. Be2
{[%clk 0:30:48]} Nd7 {[%clk 0:17:11]} 19. Rf1 {[%clk 0:26:52]} Rf7
{[%clk 0:13:50]} 20. Bh5 {[%clk 0:24:04]} Rf6 {[%clk 0:13:41]} 21. Ne2
{[%clk 0:19:10]} Ba6 {[%clk 0:12:00]} 22. Rfe1 {[%clk 0:16:17]} Kh7
{[%clk 0:09:26]} 23. Ng3 {[%clk 0:14:27]} g6 {[%clk 0:06:07]} 24. Be2
{[%clk 0:13:41]} Bb7 {[%clk 0:06:27]} 25. f3 {[%clk 0:10:33]} Raf8
{[%clk 0:03:24]} 26. fxe4 {[%clk 0:09:54]} dxe4 {[%clk 0:03:47]} 27. Rf1
{[%clk 0:09:43]} Rxf1+ {[%clk 0:03:47]} 28. Rxf1 {[%clk 0:10:01]} Rxf1+
{[%clk 0:04:11]} 29. Bxf1 {[%clk 0:09:52]} Nf6 {[%clk 0:03:54]} 30. Be2
{[%clk 0:05:56]} Kg7 {[%clk 0:03:33]} 31. Qc2 {[%clk 0:04:48]} c5
{[%clk 0:03:12]} 32. dxc5 {[%clk 0:05:01]} Qxc5 {[%clk 0:03:23]} 33. Qxc5
{[%clk 0:05:10]} bxc5 {[%clk 0:03:39]} 34. Kf2 {[%clk 0:04:59]} Kf7
{[%clk 0:02:19]} 35. Bc4+ {[%clk 0:04:53]} Ke7 {[%clk 0:02:27]} 36. h3
{[%clk 0:05:06]} Bc8 {[%clk 0:01:47]} 37. Ke2 {[%clk 0:04:39]} Be6
{[%clk 0:01:25]} 38. b3 {[%clk 0:03:18]} a5 {[%clk 0:01:00]} 39. Bb5
{[%clk 0:03:18]} Kd6 {[%clk 0:00:52]} 40. Kd2 {[%clk 0:02:45]} Ke5
{[%clk 0:00:51]} 41. Ne2 {[%clk 0:02:35]} Nd5 {[%clk 0:00:53]} 42. Nc3
{[%clk 0:02:19]} Nxc3 {[%clk 0:00:45]} 43. Kxc3 {[%clk 0:02:32]} Bd5
{[%clk 0:00:38]} 44. Bc4 {[%clk 0:01:58]} Bc6 {[%clk 0:00:44]} 45. a4
{[%clk 0:02:12]} Bd5 {[%clk 0:00:43]} 46. Be2 {[%clk 0:02:16]} h5
{[%clk 0:00:39]} 1/2-1/2

[Event "V4Liptov2018"]
[Site "?"]
[Date "2018.06.23"]
[Round "1.7"]
[White "Ocko, Dominik"]
[Black "Fizer, Marek"]
[Result "0-1"]
[BlackElo "1624"]
[WhiteElo "1971"]
[LiveChessVersion "1.4.8"]

1. Nf3 {[%clk 1:00:57]} Nf6 {[%clk 1:00:27]} 2. c4 {[%clk 1:00:45]} e6
{[%clk 1:00:32]} 3. e3 {[%clk 1:00:54]} b6 {[%clk 0:59:16]} 4. b3
{[%clk 0:59:51]} Bb7 {[%clk 0:58:56]} 5. Bb2 {[%clk 0:59:03]} Be7
{[%clk 0:57:08]} 6. Be2 {[%clk 0:58:56]} d6 {[%clk 0:56:38]} 7. O-O
{[%clk 0:58:02]} Nbd7 {[%clk 0:57:01]} 8. d4 {[%clk 0:54:34]} Rg8
{[%clk 0:52:35]} 9. Nbd2 {[%clk 0:44:20]} g5 {[%clk 0:51:36]} 10. Qc2
{[%clk 0:42:20]} h5 {[%clk 0:48:05]} 11. e4 {[%clk 0:36:05]} g4 {[%clk 0:47:57]}
12. Ne1 {[%clk 0:35:22]} h4 {[%clk 0:46:17]} 13. e5 {[%clk 0:34:35]} dxe5
{[%clk 0:44:57]} 14. dxe5 {[%clk 0:34:57]} Nh5 {[%clk 0:42:50]} 15. Qh7
{[%clk 0:32:49]} Rg5 {[%clk 0:41:16]} 16. Nd3 {[%clk 0:25:45]} Nf8
{[%clk 0:39:42]} 17. Qh8 {[%clk 0:24:24]} Nf4 {[%clk 0:39:27]} 18. Nxf4
{[%clk 0:23:22]} Qxd2 {[%clk 0:38:43]} 19. Bc1 {[%clk 0:23:35]} Qc3
{[%clk 0:37:02]} 20. Nxe6 {[%clk 0:16:37]} Qxe5 {[%clk 0:32:17]} 21. Qxe5
{[%clk 0:14:37]} Rxe5 {[%clk 0:32:41]} 22. Ng7+ {[%clk 0:13:39]} Kd8
{[%clk 0:28:04]} 23. Rd1+ {[%clk 0:11:27]} Nd7 {[%clk 0:25:31]} 24. Bxg4
{[%clk 0:10:27]} Bc8 {[%clk 0:25:43]} 25. Nf5 {[%clk 0:07:36]} Bf6
{[%clk 0:24:06]} 26. Rb1 {[%clk 0:06:24]} Ke8 {[%clk 0:22:09]} 27. Bb2
{[%clk 0:05:11]} Ra5 {[%clk 0:18:27]} 28. Re1+ {[%clk 0:02:44]} Kf8
{[%clk 0:17:43]} 29. Bf3 {[%clk 0:01:39]} Rb8 {[%clk 0:17:24]} 30. Bxf6
{[%clk 0:01:19]} Nxf6 {[%clk 0:17:34]} 31. Nd4 {[%clk 0:01:17]} Bd7
{[%clk 0:17:33]} 32. a4 {[%clk 0:01:27]} Rg5 {[%clk 0:15:21]} 33. Rbd1
{[%clk 0:01:02]} c5 {[%clk 0:11:49]} 34. Nb5 {[%clk 0:01:23]} Bxb5
{[%clk 0:11:30]} 35. axb5 {[%clk 0:01:47]} Re8 {[%clk 0:11:21]} 36. Rxe8+
{[%clk 0:01:14]} Kxe8 {[%clk 0:11:42]} 37. Ra1 {[%clk 0:00:51]} Re5
{[%clk 0:11:53]} 38. Kf1 {[%clk 0:01:18]} Re7 {[%clk 0:11:52]} 39. Rd1
{[%clk 0:01:30]} Kf8 {[%clk 0:10:53]} 40. Rd6 {[%clk 0:01:02]} Kg7
{[%clk 0:10:29]} 41. Bc6 {[%clk 0:00:49]} Kg6 {[%clk 0:10:21]} 42. h3
{[%clk 0:00:45]} Kf5 {[%clk 0:09:28]} 43. Rd2 {[%clk 0:00:52]} Rc7
{[%clk 0:08:04]} 44. Rd3 {[%clk 0:00:39]} a5 {[%clk 0:06:04]} 45. Rf3+
{[%clk 0:00:40]} Ke5 {[%clk 0:05:37]} 46. Ke2 {[%clk 0:01:00]} Ra7
{[%clk 0:05:18]} 47. Re3+ {[%clk 0:00:54]} Kd4 {[%clk 0:05:23]} 48. Rf3
{[%clk 0:01:02]} Ke5 {[%clk 0:04:50]} 49. Kd3 {[%clk 0:00:36]} a4
{[%clk 0:04:39]} 50. Re3+ {[%clk 0:00:50]} Kd6 {[%clk 0:04:17]} 51. Kc3
{[%clk 0:00:46]} a3 {[%clk 0:04:26]} 52. Re1 {[%clk 0:01:13]} Nh5
{[%clk 0:03:59]} 53. Rd1+ {[%clk 0:01:33]} Ke5 {[%clk 0:03:33]} 54. b4
{[%clk 0:00:35]} a2 {[%clk 0:02:55]} 55. Re1+ {[%clk 0:00:57]} Kf6
{[%clk 0:03:02]} 56. Kb2 {[%clk 0:00:45]} Nf4 {[%clk 0:02:59]} 57. Ra1
{[%clk 0:00:55]} Nd3+ {[%clk 0:03:15]} 58. Kb3 {[%clk 0:00:42]} cxb4
{[%clk 0:03:27]} 59. Kc2 {[%clk 0:00:45]} Ra3 {[%clk 0:03:02]} 60. Rxa2
{[%clk 0:00:45]} Rxa2+ {[%clk 0:03:03]} 61. Kxd3 {[%clk 0:01:10]} Rxf2
{[%clk 0:02:53]} 62. Be4 {[%clk 0:01:16]} Ke5 {[%clk 0:03:04]} 63. c5
{[%clk 0:01:15]} bxc5 {[%clk 0:02:47]} 64. b6 {[%clk 0:01:42]} Rf6
{[%clk 0:03:10]} 65. b7 {[%clk 0:02:08]} Rb6 {[%clk 0:03:33]} 0-1